Návrh technologického postupu zvárania veľkoobjemových nádrží : Diplomová práca

Saved in:
Bibliographic Details
Main Author: Špek, Adrián (Author)
Other Authors: Ulrich, Koloman, 1946- (xxx)
Format: Manuscript Book
Language:Slovak
Published: Trnava : STU v Bratislave MtF KZv, 2005
Subjects:
Tags: Add Tag
No Tags, Be the first to tag this record!

MARC

LEADER 00000ntm a22000003a 4500
001 stu94421
005 20160719154538.7
008 050610s2005----xo------------------slo-d
040 |a STU  |b slo 
041 0 |a slo 
044 |a xo 
100 1 |a Špek, Adrián  |4 aut 
245 1 |a Návrh technologického postupu zvárania veľkoobjemových nádrží :  |b Diplomová práca 
260 |a Trnava :  |b STU v Bratislave MtF KZv,  |c 2005 
300 |a 85 s  |c príl., 1 CD 
650 7 |a technológie strojárskej výroby  |2 stusub 
650 7 |a zváranie  |2 stusub 
700 1 |a Ulrich, Koloman,  |d 1946-  |4 xxx  |u M3000  |U MTF Materiálovotechnologická fakulta  |T MTF Ústav výrobných technológií  |X 1417  |U M3000  |Y 83  |7 A000001417 
996 |b 284M052061  |c M*DP-5603  |l MMSKP  |s P  |a 0  |w stu94421_0001